[Event "24th ch-EUR Indiv w 2024"]
[Site "Rhodes GRE"]
[Date "2024.04.27"]
[Round "8.43"]
[White "Dwilewicz, Katarzyna"]
[Black "Matnadze Bujiashvili, Ann"]
[Result "1/2-1/2"]
[WhiteTitle "WFM"]
[BlackTitle "IM"]
[WhiteElo "2130"]
[BlackElo "2365"]
[WhiteFideId "1148486"]
[BlackFideId "13601377"]
[EventDate "2024.04.19"]

1. e4 c6 2. d4 d5 3. e5 a6 4. Bd3 g6 5. h3 c5 6. dxc5 Nc6 7. Nf3 Bg7 8. Qe2 Qa5+
9. c3 Qxc5 10. O-O Qa5 11. Nbd2 Qc7 12. Re1 e6 13. b3 f6 14. exf6 Bxf6 15. Nd4
Nxd4 16. cxd4 Bxd4 17. Rb1 Ne7 18. Nf3 Bf6 19. Bh6 Nc6 20. Nh2 Bg7 21. Bxg7 Qxg7
22. Qf3 Ne5 23. Rxe5 Qxe5 24. Ng4 Qg7 25. Nf6+ Ke7 26. Nxd5+ exd5 27. Qxd5 Qf6
28. Re1+ Kf8 29. Qc5+ Kg7 30. Re7+ Kh6 31. h4 Qxh4 32. Qe5 Bf5 33. Qg7+ Kg5 34.
Re5 Rhf8 35. Qe7+ Rf6 36. Bxf5 gxf5 37. Qg7+ Rg6 38. Qe7+ Rf6 39. Qg7+ 1/2-1/2

[Event "24th ch-EUR Indiv w 2024"]
[Site "Rhodes GRE"]
[Date "2024.04.27"]
[Round "8.44"]
[White "Orian, Noga"]
[Black "Rakhmangulova, Anastasiya"]
[Result "1/2-1/2"]
[WhiteTitle "WFM"]
[BlackTitle "WGM"]
[WhiteElo "2099"]
[BlackElo "2324"]
[WhiteFideId "2836475"]
[BlackFideId "14117479"]
[EventDate "2024.04.19"]

1. d4 d5 2. c4 c6 3. Nf3 Nf6 4. e3 e6 5. b3 Ne4 6. Bd3 Bb4+ 7. Nbd2 Nd7 8. O-O
f5 9. Ne1 O-O 10. f3 Nxd2 11. Bxd2 Bd6 12. f4 Nf6 13. c5 Bc7 14. Nf3 Bd7 15. b4
Be8 16. a4 Bh5 17. Be1 Ne4 18. Bh4 Qe8 19. Qe1 a6 20. Nd2 h6 21. Nxe4 dxe4 22.
Be2 Kh7 23. Bg3 Bxe2 24. Qxe2 g5 25. fxg5 Bxg3 26. hxg3 hxg5 27. Kf2 Kg6 28. Rh1
Rh8 29. Qc4 Qf7 30. Ke2 Qd7 31. Rab1 Rae8 32. Rxh8 Rxh8 33. b5 axb5 34. axb5 Ra8
35. bxc6 bxc6 36. Rb6 Ra3 37. Rb8 Rd3 38. Rb3 Rxb3 39. Qxb3 Kh5 40. Qb8 Kg6 41.
Qg8+ Kf6 42. Qf8+ Kg6 43. Qg8+ 1/2-1/2

[Event "24th ch-EUR Indiv w 2024"]
[Site "Rhodes GRE"]
[Date "2024.04.27"]
[Round "8.45"]
[White "Klek, Hanna Marie"]
[Black "Tsirulnik, Maritsa"]
[Result "1-0"]
[WhiteTitle "WGM"]
[WhiteElo "2294"]
[BlackElo "2082"]
[WhiteFideId "24670057"]
[BlackFideId "14118688"]
[EventDate "2024.04.19"]

1. e4 c5 2. Nf3 Nc6 3. d4 cxd4 4. Nxd4 Nf6 5. Nc3 e5 6. Ndb5 d6 7. Bg5 a6 8. Na3
b5 9. Nd5 Be7 10. Bxf6 Bxf6 11. c4 b4 12. Nc2 Rb8 13. b3 O-O 14. g3 Be6 15. Bg2
Bxd5 16. cxd5 Nd4 17. Nxd4 exd4 18. Rc1 Qa5 19. Rc6 d3 20. O-O Qxa2 21. Qxd3
Rfd8 22. Rxa6 Qb2 23. Rb1 Qd4 24. Qe2 Rbc8 25. Rc6 Ra8 26. Rc4 Qb6 27. Bf1 Bc3
28. Rc6 Qa7 29. Qf3 Qe7 30. Ba6 Re8 31. Rd1 Rad8 32. Rc4 Rb8 33. Qd3 h5 34. h4
g5 35. hxg5 Qxg5 36. Kg2 h4 37. e5 Qxe5 38. Rxh4 Kf8 39. Rf4 Qg5 40. Qf3 Re7 41.
Rh1 Be5 42. Rf5 Qg7 43. Rh4 Ra8 44. Bd3 Bc3 45. Rff4 Raa7 46. Bf5 Bd2 47. Rfg4
Qf6 48. Qd3 Bc3 49. Bh7 Re8 50. Rg8+ Ke7 51. Qe3+ 1-0

[Event "24th ch-EUR Indiv w 2024"]
[Site "Rhodes GRE"]
[Date "2024.04.27"]
[Round "8.46"]
[White "Berend, Elvira"]
[Black "Sivanandan, Bodhana"]
[Result "1/2-1/2"]
[WhiteTitle "WGM"]
[BlackTitle "WCM"]
[WhiteElo "2260"]
[BlackElo "2065"]
[WhiteFideId "4000510"]
[BlackFideId "497592"]
[EventDate "2024.04.19"]

1. d4 d5 2. c4 c6 3. Nf3 Nf6 4. e3 e6 5. Bd3 Bd6 6. Nbd2 Nbd7 7. O-O O-O 8. e4
dxe4 9. Nxe4 Nxe4 10. Bxe4 h6 11. Bc2 Nf6 12. b3 b6 13. Bb2 Bb7 14. Qe2 Qe7 15.
Rad1 Rad8 16. Ne5 Ba3 17. Bc3 Bb4 18. Bb2 Ba3 19. Bc3 c5 20. Ng4 Nxg4 21. Qxg4
Qg5 22. Qxg5 hxg5 23. dxc5 Bxc5 24. Rxd8 Rxd8 25. Rd1 Rxd1+ 26. Bxd1 a5 27. Bc2
f6 28. h3 Kf7 29. Kf1 Ke7 30. f3 Kd6 31. Ke2 Bc6 32. Be4 Be8 33. Bd3 Bc6 34. Be4
Be8 35. Bd3 Bc6 36. Be4 Be8 37. Bd3 Bc6 1/2-1/2

[Event "24th ch-EUR Indiv w 2024"]
[Site "Rhodes GRE"]
[Date "2024.04.27"]
[Round "8.47"]
[White "Starosta, Martyna"]
[Black "Donghvani, Nia"]
[Result "1-0"]
[WhiteTitle "WFM"]
[WhiteElo "2254"]
[BlackElo "2028"]
[WhiteFideId "21818754"]
[BlackFideId "13614649"]
[EventDate "2024.04.19"]

1. e4 c5 2. Nf3 e6 3. d4 cxd4 4. Nxd4 Nf6 5. Nc3 Nc6 6. a3 d5 7. exd5 exd5 8.
Bf4 a6 9. Be2 Bc5 10. Be3 Qe7 11. O-O O-O 12. Bf3 Rd8 13. Re1 Qd6 14. Na4 Ba7
15. Nxc6 Qxc6 16. Bxa7 Rxa7 17. Qd4 Ra8 18. Nb6 Rb8 19. Nxd5 Nxd5 20. Bxd5 Be6
21. Bxc6 Rxd4 22. Be4 b5 23. Rad1 Rbd8 24. Rxd4 Rxd4 25. Bf5 Rd2 26. Bd3 g6 27.
Kf1 Kg7 28. Rc1 Bc4 29. Ke1 Rxd3 30. cxd3 Bxd3 31. b4 Bc4 32. Kd2 Kf6 33. Rxc4
bxc4 34. Kc3 Ke6 35. Kxc4 Kd6 36. a4 h6 37. Kd4 f6 38. h4 h5 39. b5 axb5 40.
axb5 g5 41. hxg5 fxg5 42. Ke4 Kc5 43. Kf5 g4 44. Kg5 g3 45. fxg3 Kxb5 46. Kxh5
Kc5 47. Kg5 Kd5 48. Kf6 1-0

[Event "24th ch-EUR Indiv w 2024"]
[Site "Rhodes GRE"]
[Date "2024.04.27"]
[Round "8.48"]
[White "Sandu, Mihaela"]
[Black "Janiashvili, Mariami"]
[Result "1-0"]
[WhiteTitle "WGM"]
[BlackTitle "WFM"]
[WhiteElo "2253"]
[BlackElo "1964"]
[WhiteFideId "1204327"]
[BlackFideId "13612077"]
[EventDate "2024.04.19"]

1. e4 c5 2. Nf3 Nc6 3. d4 cxd4 4. Nxd4 g6 5. c4 Nf6 6. Nc3 d6 7. Be2 Nxd4 8.
Qxd4 Bg7 9. Be3 O-O 10. Qd2 Be6 11. f3 a5 12. b3 a4 13. O-O Nd7 14. Rab1 axb3
15. axb3 Qa5 16. Rfc1 Rfc8 17. b4 Qa3 18. Nd5 Bxd5 19. exd5 Qa2 20. Qxa2 Rxa2
21. Kf1 Ra3 22. Kf2 Rc3 23. Rxc3 Bxc3 24. Rb3 Bg7 25. g4 h6 26. h4 Kf8 27. Ra3
e6 28. Ra7 Rc7 29. c5 dxc5 30. d6 Rc8 31. Rxb7 1-0

[Event "24th ch-EUR Indiv w 2024"]
[Site "Rhodes GRE"]
[Date "2024.04.27"]
[Round "8.49"]
[White "Kirtadze, Anastasia"]
[Black "Borosova, Zuzana"]
[Result "1-0"]
[WhiteTitle "WFM"]
[BlackTitle "WGM"]
[WhiteElo "2044"]
[BlackElo "2225"]
[WhiteFideId "13622714"]
[BlackFideId "14905779"]
[EventDate "2024.04.19"]

1. e4 e5 2. Nf3 Nc6 3. Bb5 a6 4. Ba4 Nf6 5. O-O Be7 6. Re1 b5 7. Bb3 d6 8. a4
Bd7 9. c3 Na5 10. Bc2 c5 11. d4 Nc6 12. d5 Na5 13. Nbd2 c4 14. h3 O-O 15. Nf1
Qb8 16. Bd2 Bd8 17. axb5 Bxb5 18. g4 Nd7 19. Ng3 Nc5 20. Be3 Ncb3 21. Ra2 Bb6
22. Nf5 Bxe3 23. Rxe3 Qd8 24. Ne1 g6 25. Ng3 Ra7 26. Ng2 Nc5 27. h4 Nab3 28. Nf1
a5 29. Rh3 a4 30. Ra3 Rb7 31. Nd2 Qb8 32. Ne3 Nxd2 33. Qxd2 Ba6 34. h5 Rxb2 35.
Nf5 Nxe4 36. Qh6 gxf5 37. Bxe4 f6 38. Bxf5 Rb7 39. Rxa4 Bb5 40. Rb4 Rg7 41. Be6+
Kh8 42. Rf3 f5 43. Rxf5 Rxg4+ 44. Kf1 Rf4 45. Rxb5 Qa8 46. Rxf8+ Rxf8 47. Rb7
Qa1+ 48. Kg2 Rxf2+ 49. Kxf2 Qa2+ 50. Kg3 1-0

[Event "24th ch-EUR Indiv w 2024"]
[Site "Rhodes GRE"]
[Date "2024.04.27"]
[Round "8.50"]
[White "Mgeladze, Kesaria"]
[Black "Jarocka, Liwia"]
[Result "1/2-1/2"]
[WhiteTitle "WFM"]
[BlackTitle "FM"]
[WhiteElo "2094"]
[BlackElo "2212"]
[WhiteFideId "13621130"]
[BlackFideId "21807558"]
[EventDate "2024.04.19"]

1. e4 c5 2. Nf3 d6 3. Nc3 Nf6 4. d4 cxd4 5. Nxd4 a6 6. f3 e5 7. Nb3 Be7 8. Be3
Be6 9. Qd2 h5 10. Nd5 Nxd5 11. exd5 Bf5 12. Be2 O-O 13. O-O a5 14. a4 Nd7 15. f4
exf4 16. Bxf4 Rc8 17. c4 Bg4 18. Bxg4 hxg4 19. Nxa5 f5 20. Nxb7 Qb6+ 21. Qe3
Qxe3+ 22. Bxe3 Rxc4 23. Bf4 Ra8 24. Bxd6 Bf6 25. Ba3 f4 26. Rac1 Rcxa4 27. Rc7
Nb6 28. d6 Nd5 29. Rc6 R8a7 30. Nc5 Rc4 31. Rc8+ Kh7 32. b3 Bd4+ 33. Kh1 Rc2 34.
d7 Rxd7 35. Nxd7 Rxc8 36. Rd1 Re8 37. Bc5 Bxc5 38. Nxc5 Re2 39. Nd3 g5 40. Re1
Rd2 41. Ne5 Ne3 42. Nc4 Nxc4 43. bxc4 Rc2 44. Kg1 Rxc4 45. Re2 Rc1+ 46. Kf2 Rh1
47. Ra2 Rxh2 48. Ra7+ Kg6 49. Ra6+ Kh5 50. Ra8 Rh4 51. Rg8 Rh2 52. Ra8 Kh6 53.
Rg8 Kh5 1/2-1/2

[Event "24th ch-EUR Indiv w 2024"]
[Site "Rhodes GRE"]
[Date "2024.04.27"]
[Round "8.51"]
[White "Esadze, Tamari"]
[Black "Pavlidou, Ekaterini"]
[Result "1/2-1/2"]
[BlackTitle "WIM"]
[WhiteElo "1965"]
[BlackElo "2201"]
[WhiteFideId "13611186"]
[BlackFideId "4213262"]
[EventDate "2024.04.19"]

1. e4 e5 2. Nf3 Nc6 3. Bb5 a6 4. Ba4 Bc5 5. O-O Nge7 6. c3 Ng6 7. d4 Ba7 8. Bg5
f6 9. Be3 O-O 10. Nbd2 d6 11. Bc2 Nce7 12. Qe2 Be6 13. Rfd1 Qc8 14. Nf1 Nf4 15.
Bxf4 exf4 16. e5 fxe5 17. dxe5 d5 18. N1d2 h6 19. Nh4 g5 20. Ng6 Nxg6 21. Bxg6
Kg7 22. Bc2 g4 23. Kh1 Qe8 24. f3 g3 25. Nf1 Qh5 26. c4 c6 27. cxd5 cxd5 28. Qd3
Rf5 29. Qb3 Rf7 30. Qd3 Rg8 31. Bb3 Rd7 32. Bc2 Kh8 33. Rac1 Be3 34. Ba4 Rf7 35.
Rc3 d4 36. Rc5 Rg5 37. Be8 Bh3 38. Rc2 Bf5 39. Bxf7 Qxf7 40. Qc4 Qh5 41. Re2 Bh3
42. Qd5 Rxe5 43. Qd8+ Re8 44. Qf6+ Kg8 45. Nxe3 Bd7 46. h3 Bxh3 47. gxh3 Qxf3+
48. Rg2 dxe3 49. Qg6+ Kf8 50. Qxh6+ Kg8 51. Qg6+ Kf8 52. Qd6+ Kg8 53. Qg6+ Kf8
54. Qf5+ Kg8 55. Qg5+ Kf8 56. Qc5+ Kg8 57. Qc4+ Kh8 58. Rd7 Qe4 59. Qc3+ Re5 60.
Qc8+ Re8 61. Qc3+ Re5 62. Qc2 e2 63. Qc8+ Re8 64. Qc3+ Re5 65. Qc8+ Re8 66. Qc3+ 1/2-1/2

[Event "24th ch-EUR Indiv w 2024"]
[Site "Rhodes GRE"]
[Date "2024.04.27"]
[Round "8.52"]
[White "Rzali, Sabina"]
[Black "Aydin, Gulenay"]
[Result "1-0"]
[WhiteTitle "WCM"]
[BlackTitle "WFM"]
[WhiteElo "2039"]
[BlackElo "2195"]
[WhiteFideId "13410920"]
[BlackFideId "34557431"]
[EventDate "2024.04.19"]

1. e4 c5 2. b3 e6 3. Bb2 a6 4. Nc3 Nc6 5. f4 d5 6. exd5 exd5 7. Nf3 Nf6 8. d4
Bg4 9. Qe2+ Qe7 10. dxc5 Bxf3 11. gxf3 Qxe2+ 12. Nxe2 Bxc5 13. O-O-O O-O-O 14.
Bxf6 gxf6 15. Nc3 Be3+ 16. Kb1 Ne7 17. Bh3+ Kc7 18. f5 b5 19. a3 d4 20. Ne2 a5
21. Rd3 b4 22. a4 Nd5 23. Kb2 Nf4 24. Rxe3 dxe3 25. Nxf4 Rd2 26. Re1 Rc8 27. Bf1
Kd6 28. Bc4 Ke5 29. Nd5 e2 30. Kc1 Rd1+ 31. Rxd1 exd1=Q+ 32. Kxd1 Rg8 33. f4+
Kd4 34. Nxf6 Rg2 35. Nxh7 Ke3 36. Kc1 Kxf4 37. Bd3 Rxh2 38. Nf6 Rh1+ 39. Kb2 Ke5
40. Nd7+ Kd4 41. Nb6 Rh8 42. Nc4 Ra8 43. Kc1 Ra7 44. Kd2 f6 45. Ke2 Kc5 46. Kf3
Kd5 47. Kg4 1-0

[Event "24th ch-EUR Indiv w 2024"]
[Site "Rhodes GRE"]
[Date "2024.04.27"]
[Round "8.53"]
[White "Szente Varga, Fruzsina"]
[Black "Skuhala, Barbara"]
[Result "0-1"]
[WhiteTitle "WFM"]
[BlackTitle "WFM"]
[WhiteElo "2025"]
[BlackElo "2162"]
[WhiteFideId "712264"]
[BlackFideId "14605465"]
[EventDate "2024.04.19"]

1. e4 c5 2. Nc3 d6 3. f4 g6 4. Nf3 Bg7 5. Bc4 Nc6 6. O-O Nf6 7. d3 O-O 8. Qe1 e6
9. f5 d5 10. e5 dxc4 11. exf6 Bxf6 12. fxg6 fxg6 13. Ne4 Bg7 14. Bg5 Qc7 15. Qh4
e5 16. dxc4 Bf5 17. Rae1 Rae8 18. Nfd2 b6 19. g4 Bxe4 20. Nxe4 Nd4 21. Bf6 Nxc2
22. Re2 Nd4 23. Re3 Qc6 24. Ree1 h6 25. g5 h5 26. Qf2 Qe6 27. b3 Qg4+ 28. Kh1
Qe6 29. Qg2 Nf5 30. Rd1 Ne3 31. Qe2 Nxf1 32. Qxf1 Qg4 33. Qd3 Qe6 34. Rf1 Rf7
35. Rd1 Bxf6 36. gxf6 Rxf6 37. Nxf6+ Qxf6 38. Rf1 Qe6 39. Qe4 a5 40. Rg1 Kg7 41.
Rg5 Qf6 42. h4 Re6 43. Kg2 Qe7 44. Rg3 Qe8 45. Re3 Qe7 46. Rg3 Qe8 47. Re3 a4
48. Rd3 axb3 49. axb3 Rf6 50. Re3 Rf5 51. Kg3 Kh6 52. Rd3 Qe7 53. Qa8 Rf8 54.
Qc6 Rf4 55. Kg2 Qxh4 56. Rg3 Rg4 57. Rxg4 Qxg4+ 58. Kf2 Qf4+ 59. Ke2 e4 0-1

[Event "24th ch-EUR Indiv w 2024"]
[Site "Rhodes GRE"]
[Date "2024.04.27"]
[Round "8.54"]
[White "Grapsa, Georgia"]
[Black "Ivan-Gal, Hanna Krisztina"]
[Result "1/2-1/2"]
[WhiteTitle "WFM"]
[BlackTitle "WFM"]
[WhiteElo "1920"]
[BlackElo "2161"]
[WhiteFideId "4206436"]
[BlackFideId "711861"]
[EventDate "2024.04.19"]

1. d4 Nf6 2. c4 g6 3. Nf3 Bg7 4. g3 O-O 5. Bg2 d6 6. O-O Nc6 7. Nc3 e5 8. d5 Nb8
9. e4 a5 10. Rb1 Na6 11. Re1 Nc5 12. b3 Bd7 13. h3 Ne8 14. Be3 b6 15. a3 f5 16.
b4 axb4 17. axb4 Nxe4 18. Nxe4 fxe4 19. Ng5 Nf6 20. Ne6 Bxe6 21. dxe6 Qe7 22. c5
bxc5 23. bxc5 Qxe6 24. cxd6 cxd6 25. Rb6 Rfd8 26. Bg5 Rab8 27. Bxf6 Bxf6 28.
Bxe4 Kh8 29. Ra6 Be7 1/2-1/2

[Event "24th ch-EUR Indiv w 2024"]
[Site "Rhodes GRE"]
[Date "2024.04.27"]
[Round "8.55"]
[White "Urh, Zala"]
[Black "Makka, Ioulia"]
[Result "1-0"]
[WhiteTitle "WIM"]
[BlackTitle "WIM"]
[WhiteElo "2263"]
[BlackElo "1983"]
[WhiteFideId "14611481"]
[BlackFideId "4205316"]
[EventDate "2024.04.19"]

1. d4 g6 2. e4 Bg7 3. Nc3 d6 4. Be3 Nd7 5. Qd2 a6 6. O-O-O b5 7. h4 h5 8. Nh3
Nb6 9. Ng5 d5 10. exd5 Nxd5 11. Nce4 Nh6 12. Nc5 Bf5 13. f3 Nxe3 14. Qxe3 O-O
15. Be2 Qd5 16. Kb1 Rfe8 17. Nge4 e5 18. Qxh6 exd4 19. Qg5 Qc6 20. Bd3 Re5 21.
Nb3 Qb6 22. Qf4 a5 23. Ng5 c5 24. g4 hxg4 25. fxg4 Be6 26. Nxe6 Rxe6 27. Nc1 a4
28. h5 gxh5 29. Rdf1 Ra7 30. gxh5 c4 31. Bf5 Rf6 32. Rhg1 Kf8 33. Qg4 Bh6 34.
Re1 Be3 35. Qg7+ Ke7 36. Rg6 Ra6 37. Rxf6 Qxf6 38. Qxf6+ Kxf6 39. Bd7 Rb6 40.
Rd1 Kg5 41. Rh1 b4 42. Bxa4 f5 43. h6 Rxh6 44. Rxh6 Kxh6 45. Bb5 c3 46. Nd3 f4
47. Nxb4 f3 48. a4 cxb2 49. Kxb2 f2 50. a5 Kg5 51. a6 Kh4 52. Nc6 Kg3 53. a7 d3
54. Bxd3 Bxa7 55. Nxa7 1-0

[Event "24th ch-EUR Indiv w 2024"]
[Site "Rhodes GRE"]
[Date "2024.04.27"]
[Round "8.56"]
[White "Shuqja, Klean"]
[Black "Hakimifard, Ghazal"]
[Result "1-0"]
[WhiteTitle "WFM"]
[BlackTitle "WGM"]
[WhiteElo "1977"]
[BlackElo "2253"]
[WhiteFideId "4701585"]
[BlackFideId "12506540"]
[EventDate "2024.04.19"]

1. e4 c5 2. Nf3 e6 3. d4 cxd4 4. Nxd4 a6 5. Bd3 Nf6 6. O-O Qc7 7. Qe2 d6 8. c4
Nbd7 9. Nc3 g6 10. f4 Bg7 11. Be3 O-O 12. Rac1 e5 13. Nb3 Re8 14. f5 Qd8 15. g4
Nc5 16. Bg5 h6 17. Bxf6 Bxf6 18. Nd5 Bg5 19. Rcd1 Nxd3 20. Rxd3 b5 21. c5 Bb7
22. Nb6 d5 23. Nxa8 Qxa8 24. Na5 dxe4 25. Rd7 Bc8 26. Rdd1 gxf5 27. gxf5 Kh7 28.
c6 Rg8 29. Kh1 e3 30. Qf3 Qa7 31. b4 Qe7 32. Qe4 Qf6 33. Nb7 Bf4 34. Nd6 Qh4 35.
Qc2 Qh5 36. Rde1 Rd8 37. Ne4 Kh8 38. Rxf4 exf4 39. Qc3+ f6 40. Qxf6+ Kh7 41.
Qe7+ Kh8 42. Qxd8+ 1-0

[Event "24th ch-EUR Indiv w 2024"]
[Site "Rhodes GRE"]
[Date "2024.04.27"]
[Round "8.57"]
[White "Nilssen, Ellen Fredericia"]
[Black "Deak-Sala, Emilia"]
[Result "1-0"]
[WhiteTitle "WFM"]
[WhiteElo "2195"]
[BlackElo "2053"]
[WhiteFideId "1441230"]
[BlackFideId "795615"]
[EventDate "2024.04.19"]

1. d4 Nf6 2. c4 g6 3. Nc3 Bg7 4. e4 d6 5. h3 O-O 6. Be3 c5 7. d5 e6 8. Nf3 exd5
9. cxd5 b5 10. e5 dxe5 11. Bxb5 Nbd7 12. O-O Bb7 13. Qc2 Qa5 14. Nd2 a6 15. Bc6
Bxc6 16. dxc6 Nb8 17. Nc4 Qc7 18. Bxc5 Re8 19. Nb6 Qxc6 20. Nxa8 Qxc5 21. Qa4
Rc8 22. Rac1 Qd4 23. Rfd1 Qxa4 24. Nxa4 Re8 25. Nc7 Rf8 26. b4 Bh6 27. Rc4 Nh5
28. Nc5 Rc8 29. Nd5 1-0

[Event "24th ch-EUR Indiv w 2024"]
[Site "Rhodes GRE"]
[Date "2024.04.27"]
[Round "8.58"]
[White "Peglau, Charis"]
[Black "Zvereva, Marija"]
[Result "1-0"]
[WhiteTitle "WFM"]
[BlackTitle "WIM"]
[WhiteElo "2161"]
[BlackElo "2049"]
[WhiteFideId "16219996"]
[BlackFideId "4121082"]
[EventDate "2024.04.19"]

1. Nf3 f5 2. d4 Nf6 3. Bf4 b6 4. e3 Bb7 5. Bd3 g6 6. c4 Bg7 7. Nc3 O-O 8. O-O h6
9. h3 e6 10. Rc1 d6 11. c5 Nc6 12. cxd6 cxd6 13. d5 Nxd5 14. Nxd5 exd5 15. Qb3
Ne5 16. Nd4 Qe7 17. Rc2 Rac8 18. Rfc1 Nc4 19. Qb4 a5 20. Qe1 g5 21. Bh2 f4 22.
Nf5 Rxf5 23. Bxf5 Rf8 24. b3 Rxf5 25. bxc4 fxe3 26. Qxe3 Qf7 27. Qxb6 dxc4 28.
Qxd6 c3 29. Bg3 Rd5 30. Qc7 Qxc7 31. Bxc7 Rc5 32. Bb6 Rb5 33. Be3 Rb2 34. f3
Rxc2 35. Rxc2 Ba6 36. Kf2 Bd3 37. Rc1 c2 38. Rh1 Bb2 39. Bc1 Bd4+ 40. Kg3 Bc4
41. a3 Bf6 42. Re1 Kg7 43. f4 Kg6 44. fxg5 hxg5 45. Kg4 Bb5 46. g3 Ba4 47. Kf3
Bc6+ 48. Ke3 Bd7 49. g4 Ba4 50. Kd3 Bb3 51. Re2 Ba1 52. Rxc2 Bxc2+ 53. Kxc2 Kf6
54. Kb3 Be5 55. a4 Bc7 56. Kc4 Bd8 57. Kd5 Bc7 58. Bd2 Bd8 59. Bc3+ Kf7 60. Be1
Bc7 61. Bd2 Bd8 62. Ke5 Kg6 63. Ke6 Bc7 64. Bc3 Bb6 65. Be1 Bc7 66. Kd7 Bb6 67.
Bc3 Kf7 68. Kc6 Bd8 69. Kb5 Ke6 70. Bxa5 Be7 71. Bb6 Kd7 72. a5 Kc8 73. a6 Kb8
74. Kc6 Bf6 75. Kd5 Bc3 76. Be3 Bf6 77. Ke6 Bd8 78. Kf5 1-0

[Event "24th ch-EUR Indiv w 2024"]
[Site "Rhodes GRE"]
[Date "2024.04.27"]
[Round "8.59"]
[White "Rodriguez Redondo, Adhara"]
[Black "Pirvulescu, Ekaterina"]
[Result "0-1"]
[WhiteTitle "WFM"]
[BlackTitle "WFM"]
[WhiteElo "2152"]
[BlackElo "2044"]
[WhiteFideId "32065698"]
[BlackFideId "13506374"]
[EventDate "2024.04.19"]

1. e4 c5 2. Nf3 e6 3. d4 cxd4 4. Nxd4 Nc6 5. Nc3 Qc7 6. Be2 a6 7. O-O Nf6 8. Be3
Be7 9. f4 d6 10. Qe1 O-O 11. Qg3 Re8 12. Rae1 Nxd4 13. Bxd4 e5 14. Be3 exf4 15.
Bxf4 Qc5+ 16. Kh1 Nh5 17. Bxh5 Qxh5 18. Rd1 Bh4 19. Qe3 Be6 20. Rxd6 Be7 21.
Rdd1 Bc4 22. Rf3 Bc5 23. Qc1 Be6 24. Rg3 Be7 25. Nd5 Bh4 26. Re3 Bg4 27. Rf1 Be2
28. Rg1 Bf2 29. Rh3 Qg4 30. Be3 Bxg1 31. Rg3 Bxe3 32. Qxe3 Qe6 33. Qg5 g6 34.
Nf6+ Kg7 35. Rh3 Qxf6 36. Rxh7+ Kxh7 37. Qxf6 Kg8 38. e5 Rad8 39. h4 Bg4 40. Qg5
Be2 41. Qe3 Bd1 42. c4 Rd7 43. Kh2 Rde7 44. Qe4 Ba4 45. e6 Bc6 46. exf7+ Rxf7
47. Qg4 Re4 48. Qd1 Rxh4+ 49. Kg3 Rxc4 50. b3 Re4 51. Qd3 Rd7 52. Qc3 Rdd4 53.
Kf2 Rf4+ 54. Ke3 Rde4+ 55. Kd2 Rf2+ 56. Kc1 Rxg2 57. b4 Rge2 58. Qb3+ Kf8 59.
Qc3 Ke7 0-1

[Event "24th ch-EUR Indiv w 2024"]
[Site "Rhodes GRE"]
[Date "2024.04.27"]
[Round "8.60"]
[White "Kordzadze, Nino"]
[Black "Alexieva, Silvia"]
[Result "1/2-1/2"]
[BlackTitle "IM"]
[WhiteElo "1976"]
[BlackElo "2144"]
[WhiteFideId "13603817"]
[BlackFideId "2902265"]
[EventDate "2024.04.19"]

1. d4 Nf6 2. Nf3 e6 3. Bg5 h6 4. Bh4 c5 5. e3 Be7 6. Nbd2 b6 7. Bd3 Bb7 8. c3
O-O 9. Qe2 cxd4 10. exd4 Nd5 11. Bg3 f5 12. h3 a6 13. O-O Nc6 14. c4 Nc7 15.
Rfe1 Nb4 16. Bb1 a5 17. a3 Nba6 18. d5 Bf6 19. dxe6 dxe6 20. Ne5 Qe8 21. h4 Rd8 1/2-1/2

[Event "24th ch-EUR Indiv w 2024"]
[Site "Rhodes GRE"]
[Date "2024.04.27"]
[Round "8.61"]
[White "Suleimanova, Ava"]
[Black "Alexandri, Dimitra"]
[Result "1-0"]
[WhiteTitle "WGM"]
[WhiteElo "2139"]
[BlackElo "1979"]
[WhiteFideId "4137728"]
[BlackFideId "42107989"]
[EventDate "2024.04.19"]

1. Nf3 Nf6 2. b3 g6 3. Bb2 Bg7 4. g3 d6 5. d4 O-O 6. Bg2 Nbd7 7. O-O c6 8. c4
Re8 9. Nc3 e5 10. e4 exd4 11. Nxd4 Nc5 12. Qc2 a5 13. Rad1 Qc7 14. Rfe1 Bg4 15.
f3 Bd7 16. Kh1 Rad8 17. Bc1 h6 18. Bf4 Nh5 19. Be3 Bc8 20. a3 Kh7 21. b4 axb4
22. axb4 Ne6 23. Nde2 b5 24. cxb5 cxb5 25. Qd2 Qc6 26. Nd5 Bd7 27. g4 Nf6 28.
Bxh6 Nxe4 29. fxe4 Bxh6 30. Nf6+ Kg7 31. Qb2 Kf8 32. Nxd7+ Qxd7 33. Qh8+ Ke7 34.
Qxh6 Rh8 35. Qe3 Rh4 36. h3 Rdh8 37. Kg1 Qc7 38. Ra1 Qc4 39. Ra7+ Ke8 40. Rc1
Qxb4 41. Rc8+ Nd8 42. Rxd8+ 1-0

[Event "24th ch-EUR Indiv w 2024"]
[Site "Rhodes GRE"]
[Date "2024.04.27"]
[Round "8.62"]
[White "Walter, Ema"]
[Black "Tsetskhladze, Mariam"]
[Result "1/2-1/2"]
[WhiteTitle "WFM"]
[BlackTitle "WCM"]
[WhiteElo "2120"]
[BlackElo "1955"]
[WhiteFideId "14960710"]
[BlackFideId "13623834"]
[EventDate "2024.04.19"]

1. e4 c5 2. c3 Nf6 3. e5 Nd5 4. Nf3 Nc6 5. Bc4 Nb6 6. Bb3 d5 7. exd6 Qxd6 8. O-O
Be6 9. Bxe6 Qxe6 10. a4 Rd8 11. a5 Nc8 12. a6 b6 13. Qa4 Qd7 14. d4 cxd4 15.
cxd4 e6 16. Nc3 Be7 17. Ne5 Nxe5 18. dxe5 Qxa4 19. Rxa4 O-O 20. Be3 f6 21. f4
Rd3 22. Bd4 Rxd4 23. Rxd4 Bc5 24. Ne2 fxe5 25. fxe5 Ne7 26. Rxf8+ Kxf8 27. Kf1
Bxd4 28. Nxd4 Nd5 29. Nxe6+ Ke7 30. Nxg7 Nb4 31. Ke2 Kf7 32. Nh5 Ke6 33. Nf6
Kxe5 34. Nd7+ Kd6 35. Nxb6 Kc7 36. Nc4 Nxa6 37. Ne5 Kd6 38. Nf7+ Ke7 39. Ng5 h6
40. Ne4 Nb4 41. Ke3 Ke6 42. Nf2 Kf5 43. Nd3 Nc6 44. b3 h5 45. Nf4 Kg4 46. Nd5
Kf5 47. Nf4 Kg4 48. Ne6 h4 49. Ke4 Nb4 50. Nc7 Nc2 51. Nd5 Kg5 52. Ne3 Nb4 53.
Kd4 Nc6+ 54. Kc5 Na5 55. b4 Nb3+ 56. Kc4 Nc1 57. b5 Ne2 58. Nd5 Kg4 59. Ne7 Nf4
60. Nc6 Nxg2 61. Nxa7 Ne3+ 62. Kc5 Kh3 63. b6 Kxh2 64. b7 Kg2 65. b8=Q h3 66.
Qb7+ Kg1 67. Qf3 h2 68. Qxe3+ Kg2 69. Qe2+ Kg1 70. Nb5 h1=Q 71. Nd4 Qh3 72. Nf3+
Kh1 73. Qe1+ Kg2 74. Nh4+ Kh2 75. Qf2+ Kh1 76. Nf5 Qc3+ 77. Kd5 Qb3+ 78. Ke4
Qb7+ 79. Kf4 Qb8+ 80. Kg4 Qg8+ 81. Kf3 Qa8+ 82. Kg3 Qb8+ 83. Kh3 Qh8+ 84. Nh4
Qc8+ 85. Nf5 Qh8+ 1/2-1/2

[Event "24th ch-EUR Indiv w 2024"]
[Site "Rhodes GRE"]
[Date "2024.04.27"]
[Round "8.63"]
[White "Stefanidi, Maria-Anna"]
[Black "Hajiyeva, Laman"]
[Result "1-0"]
[WhiteTitle "WFM"]
[BlackTitle "WFM"]
[WhiteElo "1944"]
[BlackElo "2114"]
[WhiteFideId "4207750"]
[BlackFideId "13415875"]
[EventDate "2024.04.19"]

1. g3 d5 2. Bg2 c6 3. f4 h5 4. Nf3 Nh6 5. d3 Bg4 6. c3 Nd7 7. Be3 Bxf3 8. Bxf3
Ng4 9. Bg1 e5 10. h3 Ngf6 11. Nd2 Bd6 12. fxe5 Nxe5 13. Bf2 Qc7 14. Rg1 Qe7 15.
Qc2 Nxf3+ 16. Nxf3 Bc5 17. Bxc5 Qxc5 18. O-O-O O-O-O 19. Nd4 Ne8 20. Rdf1 Nd6
21. Qd2 Rhe8 22. Qg5 g6 23. e4 Rd7 24. e5 Nb5 25. Nb3 Qf8 26. d4 b6 27. Rf6 Kb7
28. Rgf1 Nc7 29. Qxg6 fxg6 30. Rxf8 Rxf8 31. Rxf8 Rg7 32. Kd2 Ne6 33. Rf6 Ng5
34. Ke3 Nxh3 35. e6 Ng5 36. Kf4 Nh7 37. Ke5 Kc7 38. Rf1 g5 39. Nd2 g4 40. Rf5 h4
41. gxh4 Kd8 42. Kd6 Ke8 43. Kxc6 g3 44. Nf3 g2 45. Kxd5 g1=Q 46. Nxg1 Rxg1 47.
Rf7 Nf8 48. Kd6 Rg6 49. d5 Rh6 50. Rxa7 1-0